Obchod Connecting
Informácie z prvého dňa série konferenčných seminárov s názvom Obchod Connecting, ktorý sa venoval téme category management (CM). Definícia CM, nízka znalosť CM, pre koho je CM dôležitý, výhody implementácie CM do praxe. Časť otázok a odpovedí, ktoré odzneli v rámci interaktívnej diskusie po skončen...
Salvato in:
| Autore principale: | |
|---|---|
| Altri autori: | , |
| Natura: | Capitolo di libro |
| Lingua: | slovacco |
| Soggetti: | |
| Tags: |
Nessun Tag, puoi essere il primo ad aggiungerne!!
|
MARC
| LEADER | 00000naa$a2200000$$$4500 | ||
|---|---|---|---|
| 001 | 0003700 | ||
| 005 | 20231004094931.6 | ||
| 041 | 0 | |a slo | |
| 044 | |a SK | ||
| 245 | 1 | 0 | |a Obchod Connecting |c aut. Andrea Hinková-Dibarborová, Jana Bokorová, Daniel Košťál |
| 520 | |a Informácie z prvého dňa série konferenčných seminárov s názvom Obchod Connecting, ktorý sa venoval téme category management (CM). Definícia CM, nízka znalosť CM, pre koho je CM dôležitý, výhody implementácie CM do praxe. Časť otázok a odpovedí, ktoré odzneli v rámci interaktívnej diskusie po skončení prvej časti konferenčného seminára. | ||
| 610 | 2 | 0 | |a obchod |
| 610 | 2 | 0 | |a vzťahy dodávateľsko-odberateľské |
| 610 | 2 | 0 | |a predajne |
| 610 | 2 | 0 | |a sortiment obchodný |
| 610 | 2 | 0 | |a manažment sortimentný |
| 610 | 2 | 0 | |a semináre |
| 100 | 1 | |a Hinková-Dibarborová, Andrea | |
| 700 | 1 | |a Bokorová, Jana | |
| 700 | 1 | |a Košťál, Daniel | |